Villes d'Alsace par département - Statistiques

Statistiques générales
  • Ce quiz a été pris 994 fois
  • Le résultat moyen est 6 sur 10
Statistiques - réponses
Ville Population % Correct
Strasbourg 291 313
99%
Colmar 67 730
97%
Mulhouse 106 341
95%
Haguenau 35 715
78%
Illkirch-Graffenstaden 27 118
55%
Schiltigheim 34 129
52%
Saint-Louis 22 698
49%
Lingolsheim 20 266
26%
Illzach 14 829
19%
Wittenheim 15 262
17%
Aucun quiz correspondant
Distribution des résultats
% des personnes avec chaque résultat
Percentile par nombre de réponses
Votre historique - résultats
Vous n’avez pas pris ce quiz